00556nam a2200145 i 4500001000400000100001900004245011500023260006500138300002300203650002900226040000800255041000800263008004100271856009800312bgj1 aLAFLIN, Vance.10aSomething to Crow About :ba concise collection of American English idioms for everyday use /c[Vance Laflin]. aWashington, D.C. :bUnited States Information Agency,c1993. aV, 94 pp ;c23 cm. 9aEnglish languagexIdioms cBPK aeng s uk f |000 0 eng  uhttp://koha.tu.koszalin.pl/cgi-bin/koha/opac-detail.pl?biblionumber=47453yKatalog online BPK